Faktory konkurencieschopnosti slovenských potravinárskych podnikov

Salvato in:
Dettagli Bibliografici
Autore principale: Bosáková, Zuzana
Natura: Capitolo di libro
Lingua:slovacco
Tags: Aggiungi Tag
Nessun Tag, puoi essere il primo ad aggiungerne!!

MARC

LEADER 00000naa$a2200000$$$4500
001 0064132
005 20240502083154.1
041 0 |a slo 
044 |a CZ 
245 1 0 |a Faktory konkurencieschopnosti slovenských potravinárskych podnikov  |c Zuzana Bosáková 
100 1 |a Bosáková, Zuzana